000 00397nam a2200157Ia 4500
008 230718s9999 xx 000 0 und d
041 _aeng
082 _a621.38
_bBHI
100 _aBhide S.D.
245 _aLinear Circuit Analysis
260 _c1993
_bShree Publication
300 _a176
365 _cRs.
_b80.00
700 _aBhide S.D. & Tokekar M.K.
906 _dB:80108-Nov-1993
_cETC
_b12
999 _c291530
_d291530